| 000 | 00663nam a2200217Ia 4500 | ||
|---|---|---|---|
| 003 | OSt | ||
| 005 | 20220925174505.0 | ||
| 006 | a|||||r|||| 00| 0 | ||
| 007 | ta | ||
| 008 | 220923b |||||||| |||| 00| 0 eng d | ||
| 037 | _cGeneral Book | ||
| 040 |
_aRTL _cRTL _beng |
||
| 041 |
_2eng _aeng |
||
| 082 | _aX9(M148).2.N61<N59r, K1 | ||
| 110 |
_aRAMINGTON RAND OF INDIA LIMITED _9246857 |
||
| 245 | 0 | _aAnnual report and accounts,1959-61. | |
| 260 |
_aCalcutta _bRamington Rand of India Ltd _c1961 |
||
| 700 |
_aRAMINGTON RAND OF INDIA LIMITED _9246858 |
||
| 942 |
_hX9(M148).2.N61<N59r, K1 _cGB _2CC |
||
| 999 |
_c491050 _d491050 |
||